000 00319nam a2200133Ia 4500
005 20260328101509.0
008 260328s9999||||xx |||||||||||||| ||und||
100 _aLe Corbusier
245 0 _aLe Corbusier :
_b Ronchamp /
_cLe Corbusier
260 _bGerd Hatje
300 _a135 p.
650 _aARQUITECTOS
942 _cBK
999 _c9136
_d9136